the Hidden Language of Computer Hardware and Software CODE (Record no. 615936)

000 -LEADER
fixed length control field 00247nam a22000977a 4500
020 ## - INTERNATIONAL STANDARD BOOK NUMBER
International Standard Book Number 978-0137909100
040 ## - CATALOGING SOURCE
Transcribing agency IESE
082 ## - DEWEY DECIMAL CLASSIFICATION NUMBER
Classification number 005.72
Author Mark DET
245 ## - TITLE STATEMENT
Title the Hidden Language of Computer Hardware and Software CODE
942 ## - ADDED ENTRY ELEMENTS (KOHA)
Source of classification or shelving scheme
Koha item type Book
Edition 2nd Ed
Holdings
Withdrawn status Lost status Source of classification or shelving scheme Damaged status Not for loan Permanent Location Current Location Date acquired Total Checkouts Full call number Barcode Date last seen Price effective from Koha item type
          Institute of Environmental Science and Engineering (IESE) Institute of Environmental Science and Engineering (IESE) 01/26/2026   005.72 DET IESE-4041 01/26/2026 01/26/2026 Book
© 2023 Central Library, National University of Sciences and Technology. All Rights Reserved.